L' art arabe d'apres les monuments du Kaire depuis le VIIe siecle jusqu'á la fin du XVIIIe / (Record no. 26774)

MARC details
000 -LEADER
campo de control de longitud fija 00725nam a2200193 i 4500
001 - NÚMERO DE CONTROL
campo de control 26774
003 - IDENTIFICADOR DE NÚMERO DE CONTROL
campo de control ES-MaACL
005 - FECHA Y HORA DE LA ÚLTIMA TRANSACCIÓN
campo de control 20251004063052.0
007 - CAMPO FIJO DE DESCRIPCIÓN FÍSICA--INFORMACIÓN GENERAL
campo de control de longitud fija t|
008 - DATOS DE LONGITUD FIJA--INFORMACIÓN GENERAL
campo de control de longitud fija 030110s1877 fr ||||1| fre d
100 1# - ENTRADA PRINCIPAL--NOMBRE DE PERSONA
Nombre de persona Prisse d'Avennes, Émile,
Fechas asociadas al nombre 1807-1879
9 (RLIN) 24021
245 13 - MENCIÓN DEL TÍTULO
Título L' art arabe d'apres les monuments du Kaire depuis le VIIe siecle jusqu'á la fin du XVIIIe /
Mención de responsabilidad, etc. Prisse d'Avennes.
260 ## - PUBLICACIÓN, DISTRIBUCIÓN, ETC.
Lugar de publicación, distribución, etc. París :
Nombre del editor, distribuidor, etc. J. Savoy et cie,
Fecha de publicación, distribución, etc. 1877 (
Fabricante J. Claye)
300 ## - DESCRIPCIÓN FÍSICA
Extensión [4]-viii-296 p.-xxxiv pl. :
Otras características físicas il. ;
Dimensiones 34 cm +
Material acompañante/anejo atlas (3 v. : ill. ; 65 cm.)
500 ## - NOTA GENERAL
Nota general El 1º de texto, los tres restantes de láminas.
650 07 - PUNTO DE ACCESO ADICIONAL DE MATERIA--TÉRMINO DE MATERIA
Término de materia o nombre geográfico como elemento de entrada Arte musulmán
Fuente del encabezamiento o término embne
9 (RLIN) 135624
852 ## - LOCALIZACIÓN
Ubicación ES-MaACL
Número de control de estantería B-6989-92
Holdings
Estatus retirado Estado de pérdida Estado de daño No para préstamo Colección Biblioteca de origen Biblioteca actual Ubicación en estantería Fecha de adquisición Fuente de adquisición Total de préstamos Signatura topográfica completa Código de barras Visto por última vez Precio de reemplazo Tipo de ítem Koha
        Libros del s. XIX Biblioteca del Ateneo de Madrid Biblioteca del Ateneo de Madrid Sala Pardo Bazán 17/01/2008     B-6989-92 1027633 23/02/2023 23/02/2023 Libro impreso antiguo